000 00657cam9a220021700 4500
001 tmp15408585
003 UPRA
005 20190830115623.0
008 950808s1921 be fre u
035 _a(Sirsi) r71625
035 _a(UPRA)tmp15408585
040 _cUPRA
100 1 _aWing, R. P. Van.
_6A32796.1
245 1 0 _aEtudes Bakongo :
_bhistoire et sociologie.
260 _aPreface par Ed. de Jonghe Bruxelles :
_bGoemaere,
_c[1921]
440 0 _aBibliotheque-Congo ;
_vnon. 3
_6S5504.1
504 _aBibliography: p. [5]-7.
650 0 _aKongo (African people)
_6S6355.1
949 _aGN655
_wlcc
_i-98098
_mMAIN
_tBOOK
_lON-SHELF
004 71625
999 _c195350
_d195350